| 000 | 00584nam a2200181 a 4500 | ||
|---|---|---|---|
| 001 | 000028974 | ||
| 005 | 20200930055242.0 | ||
| 008 | 110413s2006 dr 000 0 spa d | ||
| 040 |
_aDO-SdBNP _bspa _cBNPHU |
||
| 082 |
_axxxx _bR426l |
||
| 110 | 1 |
_aRepública Dominicana _9447 |
|
| 240 | 1 | 0 | _a[Leyes, etc.] |
| 245 | 1 | 0 |
_aLey sobre salud mental no. 12-06 / _cPresentación Bautista Rojas Gómez. |
| 260 |
_aSanto Domingo : _bSecretaria de Estado de Salud Pública y Asistencia Social, _c2006. |
||
| 300 |
_a44 p. ; _c21 cm. |
||
| 700 | 1 | 2 |
_aRojas Gómez, Bautista _91410 |
| 049 | _aBNPD | ||
| 999 |
_c28466 _d28466 |
||